00532nam a2200157Ia 4500008004100000041001200041082001600053100001500069245003900084260003800123300001000161650001200171942000700183999001300190952017100203221030s9999 xx 000 0 und d aEnglish a105.23bGau aR. K. Gaur 0aEngineering Physicscby R. K. Gaur bDhanpat Rai Pub.aNew Delhic2002 a64.20 aPhysics cBK c763d763 pBE 6865g260.00l1o105.23 Gaur2024-06-13 00:00:00s2023-12-12w2022-10-30yBK003Print4070aMIETLIBbMIETLIBcBL-First, FL-1, CUP-8, SH-3, R-3d2003-06-2710HBE